000 00987nam a2200253 i 4500
001 bg
245 0 0 _aRestrukturyzacja systemów informacyjnych przedsiębiorstw :
_braport z wdrożeń projektów celowych : III Konferencja z cyklu Komputerowe systemy wielodostępne, Ciechocinek 22-24 września 1997 /
_cAkademia Techniczno-Rolnicza w Bydgoszczy. Zakład Informatyki Stosowanej [et al.].
260 _aBydgoszcz :
_bAkademia Techniczno-Rolnicza,
_c1997.
300 _a278 s. :
_bil. ;
_c24 cm.
504 _aBibliogr. przy ref.
650 4 _aPrzedsiębiorstwo
_xkomputeryzacja
650 4 _aSystemy informatyczne zarządzania
650 4 _aMateriały konferencyjne
711 2 _aKonferencja z cyklu Komputerowe Systemy Wielodostępne
_n(3 ;
_d1997 ;
_cBydgoszcz)
020 _a8390859904
040 _cBPK
041 0 _apol
044 _aPOL
080 _a005:004.03
080 _a(06)
920 _a83-908599-0-4
942 _cKS
008 s pl f |000 0 pol
999 _c49677
_d49677
856 _uhttp://koha.tu.koszalin.pl/cgi-bin/koha/opac-detail.pl?biblionumber=49677
_yKatalog online BPK